00473 a2200145 4500001000700000020001800007041000800025100002100033250001200054300001200066856002500078040002500103245017000128260002900298105545 a9780439114943 apor aKerley, Barbara. a1st ed. a[48] p. u00000a/00000a10.jpeg aBR-BrIDEAcBR-BrIDEA10aThe dinosaurs of Waterhouse Hawkinsban illuminating history of Mr. Waterhouse Hawkins, artist and lecturer : true dinosaur story in three ages ....c Barbara Kerley a[S.l.]bScholasticc2001